Japan's small businesses today

Uloženo v:
Podrobná bibliografie
Médium: Kniha
Jazyk:Undetermined
Vydáno: Tokyo Keiei Joho Shuppan 1988
Témata:
Tagy: Přidat tag
Žádné tagy, Buďte první, kdo otaguje tento záznam!
Thư viện lưu trữ: Trung tâm Học liệu Trường Đại học Cần Thơ
LEADER 00396nam a2200157Ia 4500
001 CTU_77835
008 210402s9999 xx 000 0 und d
082 |a 650 
082 |b J35 
245 0 |a Japan's small businesses today 
260 |a Tokyo 
260 |b Keiei Joho Shuppan 
260 |c 1988 
650 |a Business 
650 |z Japan 
980 |a Trung tâm Học liệu Trường Đại học Cần Thơ